Czy znasz kolory? - Statystyki

Ogólne statystyki
  • Ten quiz został rozwiązany 1 002 razy
    913 od ostatniego zresetowania
  • Średni wynik to 11 z 22
Statystyki odpowiedzi
Obrazkowy Odpowiedź % Poprawnych
Czerwony
98%
Różowy
96%
Fioletowy
91%
Żółty
91%
Zielony
90%
Niebieski
87%
Czarny
85%
Brązowy
84%
Pomarańczowy
82%
Szary
81%
Biały
62%
Złoty
37%
Srebrny
27%
Purpurowy
22%
Malinowy
6%
Szmaragdowy
6%
Karmazynowy
5%
Czekoladowy
2%
Orzechowy
2%
Stalowy
2%
Bursztynowy
1%
Modry
1%
Nie znaleziono quizów pasujących do podanych kryteriów
Rozkład punktacji
Procent ludzi z każdym wynikiem
Percentyl według liczby udzielonych odpowiedzi
Twoja historia wyników
Nie rozwiązałeś tego quizu od ostatniego zresetowania